[Event "Mogi Guacu op"]
[Site "Mogi Guacu"]
[Date "2022.04.29"]
[Round "1"]
[White "Rodrigues, Alisson"]
[Black "Silveira, Joao Eduardo Cicero"]
[Result "1-0"]
[WhiteElo "1830"]
[BlackElo "1816"]
[PlyCount "47"]
[EventDate "2022.04.29"]
[EventType "swiss"]
[EventRounds "6"]
[EventCountry "BRA"]
[SourceTitle "CBM 208 Extra"]
[Source "ChessBase"]
[SourceDate "2022.07.31"]
[SourceVersion "1"]
[SourceVersionDate "2022.07.31"]
[SourceQuality "1"]

1. Nf3 Nc6 2. b3 Nf6 3. Bb2 e6 4. e3 d5 5. d4 Bd6 6. Nbd2 0-0 7. c4 dxc4 8. Nxc4 Bb4+ 9. Ncd2 Ne4 10. a3 Bxd2+ 11. Nxd2 Nf6 12. Be2 Qe7 13. 0-0 Rd8 14. Qc2 e5 15. dxe5 Nxe5 16. Nf3 Nxf3+ 17. Bxf3 Be6 18. Bxf6 Qxf6 19. Bxb7 Rab8 20. Qxc7 Bxb3 21. Rab1 Qe6 22. e4 Qd7 23. Qxd7 Rxd7 24. Bd5 1-0